[Event "NRW-ch U12"]
[Site "Kranenburg"]
[Date "2005.03.31"]
[Round "5"]
[White "Radler, Alexander"]
[Black "Tran, Duc Cuong"]
[Result "0-1"]
[WhiteElo "1239"]
[BlackElo "1310"]
[PlyCount "134"]
[EventDate "2005.03.28"]
[EventType "swiss"]
[EventRounds "7"]
[EventCountry "GER"]
[SourceTitle "CBM 105 Extra"]
[Source "ChessBase"]
[SourceDate "2005.05.01"]
[SourceVersion "1"]
[SourceVersionDate "2005.05.01"]
[SourceQuality "1"]

1. e4 c5 2. c3 Nc6 3. d4 cxd4 4. cxd4 d6 5. Nc3 g6 6. Bb5 a6 7. Ba4 Bd7 8. Bxc6 bxc6 9. d5 c5 10. Na4 Bg7 11. Bd2 Nf6 12. f3 0-0 13. Bc3 Bxa4 14. Qxa4 Qb6 15. Ne2 Qb5 16. Qc2 Nd7 17. Bxg7 Kxg7 18. 0-0 Ne5 19. Rac1 Rab8 20. b3 Kg8 21. Ng3 Qb6 22. Kh1 Rfc8 23. f4 Ng4 24. Qe2 Nf6 25. e5 Nxd5 26. f5 Rf8 27. fxg6 hxg6 28. e6 Nf6 29. Ne4 Kg7 30. Nxf6 exf6 31. exf7 Rxf7 32. Qe6 Rh8 33. Rcd1 Rd8 34. g4 Qc6+ 35. Kg1 Re8 36. Qxd6 Qe4 37. Qg3 Qe3+ 38. Qxe3 Rxe3 39. Rd6 Re2 40. Rxa6 Rc2 41. Ra1 f5 42. h3 fxg4 43. hxg4 Rf4 44. Ra4 Rxa4 45. bxa4 Rc4 46. Kf2 Rxg4 47. Ke3 Rxa4 48. Kd3 g5 49. Kc3 c4 50. Kb2 Kg6 51. Rc1 g4 52. Rc3 Kg5 53. Ra3 Rxa3 54. Kxa3 g3 55. Kb4 g2 56. Kxc4 g1Q 57. a4 Qa7 58. Kb5 Kf5 59. a5 Ke5 60. a6 Kd6 61. Ka5 Kc5 62. Ka4 Qxa6+ 63. Kb3 Qc4+ 64. Ka3 Qb5 65. Ka2 Kc4 66. Ka1 Kc3 67. Ka2 Qb2# 0-1

[Event "NRW-ch U12"]
[Site "Kranenburg"]
[Date "2005.03.28"]
[Round "1"]
[White "Radler, Alexander"]
[Black "Butschek, Marc"]
[Result "0-1"]
[WhiteElo "1239"]
[BlackElo "1471"]
[PlyCount "28"]
[EventDate "2005.03.28"]
[EventType "swiss"]
[EventRounds "7"]
[EventCountry "GER"]
[SourceTitle "CBM 105 Extra"]
[Source "ChessBase"]
[SourceDate "2005.05.01"]
[SourceVersion "1"]
[SourceVersionDate "2005.05.01"]
[SourceQuality "1"]

1. e4 e5 2. Nf3 Nf6 3. Nxe5 d6 4. Nf3 Nxe4 5. d4 d5 6. Nbd2 Nxd2 7. Bxd2 Nc6 8. Bb5 Be7 9. Bxc6+ bxc6 10. Ne5 c5 11. Qf3 0-0 12. Nc6 Qd6 13. Qxd5 Re8 14. 0-0 Qxd5 0-1